Buer - Geschichte(n) einer Stadt
| Titel: | Buer - Geschichte(n) einer Stadt : ein starkes Stück Gelsenkirchen / Stefan Goch/Gerd Escher (Hg.) |
|---|---|
| Beteiligt: | ; |
| Ausgabe: | 1. Auflage |
| Veröffentlicht: | Essen : Klartext, 2014 |
| Umfang: | 387 Seiten : Illustrationen, Karten ; 26 cm |
| Format: | Buch |
| Sprache: | Deutsch |
| Schriftenreihe/ mehrbändiges Werk: |
Schriftenreihe des Instituts für Stadtgeschichte. Beiträge ; Bd. 16 |
| ISBN: | 9783837509366 ; 3837509362 |
| Hinweise zum Inhalt: |
Inhaltsverzeichnis
Inhaltstext |
alg: 35375439 001A $06000:22-01-15 001B $01999:20-06-24 $t10:09:05.000 001D $06000:02-04-15 001U $0utf8 001X $00 002@ $0Aax 002C $aText $btxt $2rdacontent 002C $aunbewegtes Bild $bsti $2rdacontent 002D $aohne Hilfsmittel zu benutzen $bn $2rdamedia 002E $aBand $bnc $2rdacarrier 003@ $0353754390 004A $A978-3-8375-0936-6 $fPp. : EUR 29.95 004A $03-8375-0936-2 004E/01 $020936 004K $09783837509366 006C $0864669479 006G $01034520350 006H $0TOCNEUA1504 $2DNB 006T $013,N21 006U $015,A14 $f20130513 007A $01034520350 $aDNB 007T $0ArchMa24652 009P $qapplication/pdf $A2 $3Inhaltsverzeichnis $uhttp://d-nb.info/1034520350/04 $mB:DE-101 009P $qtext/html $A2 $3Inhaltstext $uhttp://deposit.dnb.de/cgi-bin/dokserv?id=4329096&prov=M&dok_var=1&dok_ext=htm $mX:MVB 010@ $ager 011@ $a2014 017A $asf 021A $aBuer - Geschichte(n) einer Stadt $dein starkes Stück Gelsenkirchen $hStefan Goch/Gerd Escher (Hg.) 028C $BHerausgeber $4edt $7111935210 $8Goch, Stefan$Z1958- [Tp3] $914643756X 028C $aEscher $BHerausgeber $dGerd $4edt 032@ $a1. Auflage 033A $pEssen $nKlartext 034D $a387 Seiten 034I $a26 cm 034M $aIllustrationen, Karten 036E $aSchriftenreihe des Instituts für Stadtgeschichte. Beiträge $lBd. 16 037A $aLiteraturangaben 044K $qDNB $RGelsenkirchen-Buer $74069716-2 $8Buer [Tg1] $9085195979 045E $c943 045F $a943.5618 $eDDC22ger 045F/01 $a943 045F/03 $g435618 045R $aGeschichte lok: 35375439 105 exp: 35375439 105 1 #EPN 201B/01 $030-01-19 $t16:09:37.000 201C/01 $030-01-19 201U/01 $0utf8 203@/01 $01042450919 208@/01 $a13-12-18 $be 209A/01 $a/ $f106 $x00 247C/01 $8->Marburg, Bibliographie zum Archivwesen der Archivschule Marburg $939588196X
| LEADER | 00000cam a22000002c 4500 | ||
|---|---|---|---|
| 001 | 353754390 | ||
| 003 | DE-603 | ||
| 005 | 20240620100905.0 | ||
| 007 | tu | ||
| 008 | 150122s2014 xx |||| | u00||u|ger | ||
| 015 | |a 15,A14 |z 13,N21 |2 dnb | ||
| 016 | 7 | |2 DE-101 |a 1034520350 | |
| 020 | |a 9783837509366 |c Pp. : EUR 29.95 | ||
| 020 | |a 3837509362 | ||
| 024 | 3 | |a 9783837509366 | |
| 028 | 5 | 2 | |a 20936 |
| 035 | |a (DE-599)DNB1034520350 | ||
| 040 | |a DE-603 |b ger |c DE-603 |d DE-603 | ||
| 041 | |a ger | ||
| 082 | 0 | 4 | |8 1\u |a 943.5618 |q DE-101 |2 22/ger |
| 084 | |a 943 |q DE-101 |2 sdnb | ||
| 085 | |8 1\u |b 943 | ||
| 085 | |8 1\u |z 2 |s 435618 | ||
| 090 | |a b | ||
| 245 | 0 | 0 | |a Buer - Geschichte(n) einer Stadt |b ein starkes Stück Gelsenkirchen |c Stefan Goch/Gerd Escher (Hg.) |
| 250 | |a 1. Auflage | ||
| 264 | 1 | |a Essen |b Klartext |c 2014 | |
| 300 | |a 387 Seiten |b Illustrationen, Karten |c 26 cm | ||
| 336 | |a Text |b txt |2 rdacontent | ||
| 336 | |a unbewegtes Bild |b sti |2 rdacontent | ||
| 337 | |a ohne Hilfsmittel zu benutzen |b n |2 rdamedia | ||
| 338 | |a Band |b nc |2 rdacarrier | ||
| 490 | 0 | |a Schriftenreihe des Instituts für Stadtgeschichte. Beiträge |v Bd. 16 | |
| 500 | |a Literaturangaben | ||
| 648 | 7 | |a Geschichte |2 gnd | |
| 651 | 7 | |a Buer |0 (DE-588)4069716-2 |0 (DE-603)085195979 |2 gnd | |
| 700 | 1 | |a Goch, Stefan |d 1958- |e Herausgeber |4 edt |0 (DE-603)14643756X |0 (DE-588)111935210 |2 gnd | |
| 700 | 1 | |a Escher, Gerd |e Herausgeber |4 edt | |
| 856 | 4 | 2 | |m B:DE-101 |q application/pdf |u http://d-nb.info/1034520350/04 |3 Inhaltsverzeichnis |
| 856 | 4 | 2 | |m X:MVB |q text/html |u http://deposit.dnb.de/cgi-bin/dokserv?id=4329096&prov=M&dok_var=1&dok_ext=htm |3 Inhaltstext |
| 924 | 0 | |9 - |a (DE-603)1042450919 |b DE- |c HES |d d |g / | |